Teorías económicas sobre el mercado de trabajo. II Neoclásicos y nuevos Keynesianos

Gorde:
Xehetasun bibliografikoak
Beste egile batzuk: Neffa, Julio César (Zuzendaria), Albano, Julieta (autora), López Ghio, Ramiro (autor), Pérez, Pablo E. (autor), Salas, Julieta (autora), Toledo, Fernando (autor)
Formatua: Liburua
Hizkuntza:gaztelania
Argitaratua: Buenos Aires Fondo de Cultura Económica 2007
Edizioa:1a. ed
Saila:Sección de Obras de Economía
Gaiak:
Etiketak: Etiketa erantsi
Etiketarik gabe, Izan zaitez lehena erregistro honi etiketa jartzen!

MARC

LEADER 00000nam a2200000 a 4500
001 UCI4758
003 CL-VaPUC
005 20220727095750.0
008 080229e20070000AG |||||||||||||||||spa|d
999 |c 328604  |d 328602 
020 |a 9789505577101 
040 |c Pontificia Universidad Católica de Valparaíso 
082 0 4 |a 330  |b NEF  |2 21 
100 |a Neffa, Julio César  |e director  |9 526765 
245 1 0 |a Teorías económicas sobre el mercado de trabajo. II Neoclásicos y nuevos Keynesianos 
250 |a 1a. ed 
260 |a Buenos Aires  |b Fondo de Cultura Económica  |c 2007 
300 |a 309 p 
490 0 |a Sección de Obras de Economía 
583 |a last modification  |c 20080229 00:00:00  |k Rodrigo Vera 
650 0 |a Economía   |9 255568 
650 0 |a Teorías económicas  |9 270968 
650 7 |a MERCADO DE TRABAJO  |2 CL-VaPUC  |9 526777 
650 0 |a Capitalismo  |9 255255 
700 0 |a Albano, Julieta  |e autora  |9 526772 
700 0 |a López Ghio, Ramiro  |e autor  |9 526773 
700 0 |a Pérez, Pablo E.  |e autor  |9 526774 
700 0 |a Salas, Julieta  |e autora  |9 526775 
700 0 |a Toledo, Fernando  |e autor  |9 526776 
942 |c BK  |2 ddc 
945 |d 20080229 00:00:00  |a jtorresc 
952 |0 0  |1 0  |4 0  |6 330_000000000000000_NEF_2007  |7 0  |8 A  |9 412599  |a BIBDER  |b BIBDER  |d 2019-11-22  |i 4409809  |l 2  |o 330 NEF 2007  |p 4409809  |r 2024-04-08  |s 2020-03-20  |w 2019-11-22  |y BK  |k DER